ীকয়ায় রবীন্দ্রনাথ বাঘা যতীন এবং প্রাঞ্জন (Record no. 4742)
[ view plain ]
| 000 -LEADER | |
|---|---|
| fixed length control field | 00541nam a2200145Ia 4500 |
| 008 - FIXED-LENGTH DATA ELEMENTS--GENERAL INFORMATION | |
| fixed length control field | 151213s9999 xx 000 0 und d |
| 100 ## - MAIN ENTRY--PERSONAL NAME | |
| Personal name | রকিবুল হাসান। |
| 245 ## - TITLE STATEMENT | |
| Title | ীকয়ায় রবীন্দ্রনাথ বাঘা যতীন এবং প্রাঞ্জন |
| Statement of responsibility, etc. | রকিবুল হাসান। |
| 260 ## - PUBLICATION, DISTRIBUTION, ETC. (IMPRINT) | |
| Place of publication, distribution, etc. | ঢাকা |
| Name of publisher, distributor, etc. | বটমূল। |
| Date of publication, distribution, etc. | 2008 |
| 300 ## - PHYSICAL DESCRIPTION | |
| Extent | 9276 p. |
| 650 ## - SUBJECT ADDED ENTRY--TOPICAL TERM | |
| Topical term or geographic name as entry element | Bangla |
| 650 ## - SUBJECT ADDED ENTRY--TOPICAL TERM | |
| Topical term or geographic name as entry element | জীবন্ |
| 700 ## - ADDED ENTRY--PERSONAL NAME | |
| Personal name | রকিবুল হাসান। |
No items available.
